| 000 | 00768nam a22002057a 4500 | ||
|---|---|---|---|
| 999 |
_c64455 _d64455 |
||
| 005 | 20240530110732.0 | ||
| 008 | 180514s2005 jo a g b 000 0 ara d | ||
| 017 |
_bالاردن. دائرة المكتبة الوطنية _a2005/4/763 |
||
| 040 |
_aEG-CaGPL _cEG-CaGPL |
||
| 082 | 0 | 4 |
_221 _a001.42 / _bع م |
| 100 | 0 | _aعزيز داود | |
| 245 | 1 | 0 |
_aمبادئ البحث العلمى والتربوى / _cتاليف عزيز داود |
| 260 |
_aعمان : _bدار اسامة للنشر والتوزيع، _c2005. |
||
| 300 |
_a152 ص. : _bايض ؛ _c24 سم. |
||
| 504 | _aيشتمل على ارجاعات ببليوجرافية | ||
| 650 | 0 | 7 |
_2qrmak _aطرق البحث |
| 651 | _2qrmak | ||
| 942 |
_2ddc _cBK |
||